Wayward NJ Transit Stations Quiz Stats

 Plays Quiz not verified by Sporcle

Support Sporcle.
Go Orange.
Score 0/38 Timer 05:00
0 Plays Today
Line Station % Correct
Montclair-BoontonMountain Avenue
82.1%
Morris & EssexMountain Station
82.1%
Morris & EssexBrick Church
81.1%
Northeast CorridorMetropark
80.2%
Pascack ValleyEssex Street
77.4%
Montclair-BoontonBay Street
76.4%
Northeast CorridorJersey Avenue
76.4%
North Jersey CoastAvenel
74.5%
Raritan ValleyWhite House
74.5%
Pascack ValleyAnderson Street
73.6%
Montclair-BoontonWatchung Avenue
73.6%
Morris & EssexHighland Avenue
71.7%
Montclair-BoontonWatsessing Avenue
71.7%
Atlantic CityAtco
70.8%
MainDelawanna
70.8%
MainKingsland
70.8%
Gladstone BranchLyons
70.8%
Morris & EssexShort Hills
70.8%
Gladstone BranchBasking Ridge
69.8%
Line Station % Correct
Gladstone BranchGillette
69.8%
Raritan ValleyNetherwood
68.9%
Northeast CorridorPrinceton Junction
68.9%
Montclair-BoontonMontclair State University
67.9%
MorristownConvent Station
67%
Gladstone BranchStirling
67%
Raritan ValleyAnnandale
66%
North Jersey CoastElberon
66%
Bergen CountyRadburn
66%
Montclair-BoontonWalnut Street
66%
Gladstone BranchMillington
65.1%
MorristownMount Tabor
65.1%
Bergen CountyBroadway
63.2%
Pascack ValleyNew Bridge Landing
63.2%
Gladstone BranchMurray Hill
61.3%
Montclair-BoontonTowaco
61.3%
Bergen CountyPlauderville
59.4%
Montclair-Boonton/MorristownLake Hopatcong
57.5%
Raritan ValleyNorth Branch
55.7%

You're not logged in!

Compare scores with friends on all Sporcle quizzes.
OR
Log In

From the Vault

'Seven' Year Major Events by Seven Word Clue

by El_Dandy

The number seven is supposedly lucky. If that's not a reason to play this quiz, then we don't know what is.
Remove Ads.
Support Sporcle.
Get the best of Sporcle when you Go Orange. This ad-free experience offers more features, more stats, and more fun while also helping to support Sporcle. Thank you for becoming a member.

Show Comments

Extras

Top Quizzes Today


Score Distribution

Your Account Isn't Verified!

In order to create a playlist on Sporcle, you need to verify the email address you used during registration. Go to your Sporcle Settings to finish the process.

Report this User

Report this user for behavior that violates our Community Guidelines.

Details: